<?xml version='1.0' encoding='UTF-8'?>
  <record xmlns="http://www.loc.gov/MARC21/slim">
    <leader>00000cam a2200000Mi 4500</leader>
    <controlfield tag="001">ocm66065004</controlfield>
    <controlfield tag="003">OCoLC</controlfield>
    <controlfield tag="005">20231213210205.5</controlfield>
    <controlfield tag="008">921005m15961596ne            000 0 dut d</controlfield>
    <datafield tag="040" ind1=" " ind2=" ">
      <subfield code="a">NLGGC</subfield>
      <subfield code="b">dut</subfield>
      <subfield code="e">fobidrtb</subfield>
      <subfield code="c">NLGGC</subfield>
      <subfield code="d">OCLCO</subfield>
      <subfield code="d">OCLCA</subfield>
      <subfield code="d">OCLCQ</subfield>
      <subfield code="d">OCLCL</subfield>
    </datafield>
    <datafield tag="029" ind1="0" ind2=" ">
      <subfield code="a">NLGGC</subfield>
      <subfield code="b">098193007</subfield>
    </datafield>
    <datafield tag="035" ind1=" " ind2=" ">
      <subfield code="a">(OCoLC)66065004</subfield>
    </datafield>
    <datafield tag="082" ind1="1" ind2="4">
      <subfield code="a">954.780245</subfield>
      <subfield code="q">OCoLC</subfield>
    </datafield>
    <datafield tag="100" ind1="1" ind2=" ">
      <subfield code="a">Linschoten, Jan Huygen van</subfield>
      <subfield code="q">(Jan Huyghen),</subfield>
      <subfield code="d">ca. 1563-1611.</subfield>
      <subfield code="1">https://id.oclc.org/worldcat/entity/E39PBJtMjvb9tjXC3DMTgmvj4q</subfield>
    </datafield>
    <datafield tag="245" ind1="1" ind2="0">
      <subfield code="a">Itinerario, voyage ofte schipvaert van Jan Huygen van Linschoten, naer Oost ofte Portugaels Indien.</subfield>
    </datafield>
    <datafield tag="246" ind1="3" ind2=" ">
      <subfield code="a">Reys-gheschrift vande navigatien der Portugaloysers in Orienten</subfield>
    </datafield>
    <datafield tag="246" ind1="3" ind2=" ">
      <subfield code="a">seker extract ende sommier van alle de renten</subfield>
    </datafield>
    <datafield tag="246" ind1="3" ind2=" ">
      <subfield code="a">Beschrijvinghe van de gantsche custe van Guinea, Manicongo, Angola, Monomotapa</subfield>
    </datafield>
    <datafield tag="260" ind1=" " ind2=" ">
      <subfield code="a">Amstelredam :</subfield>
      <subfield code="b">by Cornelis Claesz.,</subfield>
      <subfield code="c">1595-1596.</subfield>
    </datafield>
    <datafield tag="300" ind1=" " ind2=" ">
      <subfield code="a">[VI], 160 p. :</subfield>
      <subfield code="b">gegrav. titelprent, krt. en grav., portr. van J.H. van Linschoten. ;</subfield>
      <subfield code="c">32 cm.</subfield>
    </datafield>
    <datafield tag="336" ind1=" " ind2=" ">
      <subfield code="a">tekst</subfield>
      <subfield code="b">txt</subfield>
      <subfield code="2">rdacontent/dut</subfield>
    </datafield>
    <datafield tag="337" ind1=" " ind2=" ">
      <subfield code="a">zonder medium</subfield>
      <subfield code="b">n</subfield>
      <subfield code="2">rdamedia/dut</subfield>
    </datafield>
    <datafield tag="338" ind1=" " ind2=" ">
      <subfield code="a">band</subfield>
      <subfield code="b">nc</subfield>
      <subfield code="2">rdacarrier/dut</subfield>
    </datafield>
    <datafield tag="500" ind1=" " ind2=" ">
      <subfield code="a">P.A. Tiele: Mémoire bibliogr. sur les journaux des navigateurs néerlandais, p. 83-84. - P.A. Tiele: Nederlandsche bibliogr. van land- en volkenkunde, nr. 676.</subfield>
    </datafield>
    <datafield tag="505" ind1="8" ind2=" ">
      <subfield code="a">Bijgebonden voor: [1] Reys-gheschrift van de navigatien ... der Portugaloysen ... . -- 1595. -- [2]: Een seker extract ende sommier van alle de renten, domeynen, tollen, chynsen, ... enz. -- 1596. [3] Beschryvinghe van de gantsche custe van Guinea ... . -- 1596.</subfield>
    </datafield>
  </record>